BCIS Comprehensive Building Price Book Minor Works, 2022 (Record no. 121494)

MARC details
000 -LEADER
fixed length control field 01245nam a2200229 4500
001 - CONTROL NUMBER
control field 121494
008 - FIXED-LENGTH DATA ELEMENTS--GENERAL INFORMATION
fixed length control field 230517s2022 ||||| |||| 00| 0 eng d
020 ## - INTERNATIONAL STANDARD BOOK NUMBER
ISBN 9781783214204
041 ## - LANGUAGE CODE
Language code of text/sound track or separate title eng
050 ## - Library of Congress Classification
Class mark F692.5
110 ## - MAIN ENTRY--CORPORATE NAME
Corporate author Building Cost Information Service
245 ## - TITLE STATEMENT
Title BCIS Comprehensive Building Price Book Minor Works, 2022
260 ## - PUBLICATION INFORMATION
Place of publication London
Publisher BCIS
Date 2022
300 ## - PHYSICAL DESCRIPTION
Physical description 1 v.
Dimensions 30 cm
520 ## - ABSTRACT
Abstract The Minor Works Estimating Dataset focuses on small to medium sized 'new build' projects reflect the increase in costs brought about the reduced output, less discounts, increased carriage and supervision, to the similar items in the Major Works dataset. Given unit rates compiled from over 500,000 price elements. Each unit rating element has been updated on new material specifications have been incorporated with applicable and includes the latest amendments to professional information, average building prices, Town & Country planning regulations fees for applications, building regulations prescribed fees etc and cost limits, and allowances.
520 ## - ABSTRACT
Abstract Supersedes 38th edition
650 ## - KEYWORDS
Keywords Building costs
650 ## - KEYWORDS
Keywords Price books
651 ## - SUBJECT ADDED ENTRY--GEOGRAPHIC NAME
Geographic name United Kingdom
690 ## - BROAD SUBJECT
9 (RLIN) 6233
Broad subject Cost management
942 ## - ADDED ENTRY ELEMENTS (KOHA)
Suppress in OPAC Do not suppress in OPAC
Holdings
Lost status Damaged status Not for loan Home library Current library Shelving location Date acquired Total Checkouts Full call number Date last seen Price effective from Koha item type Public note
      London London BCIS/BMI publications 16/05/2023   BCIS 17/05/2023 17/05/2023 Book To request extracts (max 5%) please email [email protected]